000 00457nam a2200181Ia 4500
001 20059
005 20260306172738.0
008 260306t2009||||xx |||||||||||||| ||spa||
041 _aESP
082 _a342.211
_bG94
100 _aGurgel Calvet da Silveira, Carlos Frederico
_eAUT
245 0 _aEnsaios sobre justiça, processo e direitos humanos II
260 _c2009
300 _a
_c
650 _aGEN
654 _aCDE
942 _cLIB
_dJUS
_fJUS
_2ddc
_n
999 _c20059
_d20059